Advanced accountancy : vol.1 (Record no. 1415)

MARC details
000 -LEADER
Fixed length control field 00519nam a2200181 4500
003 - CONTROL NUMBER IDENTIFIER
Control field SEACOMEC
005 - DATE AND TIME OF LATEST TRANSACTION
Control field 20240715135740.0
008 - FIXED-LENGTH DATA ELEMENTS--GENERAL INFORMATION
Fixed length control field 240715b |||||||| |||| 00| 0 eng d
020 ## - INTERNATIONAL STANDARD BOOK NUMBER / ISBN
Price 325.00
040 ## - CATALOGING SOURCE
Original cataloging agency SEACOMEC
082 ## - DEWEY DECIMAL CLASSIFICATION NUMBER
Classification number 657.046
Book Number M216
100 ## - MAIN ENTRY--PERSONAL NAME
Personal name Maheshwari, S N
245 ## - TITLE STATEMENT
Title Advanced accountancy : vol.1
Statement of responsibility / S. N. Maheshwari
260 ## - IMPRINT
Place of publication New Delhi : Vikas Publishing House Private Limited, 2005
300 ## - PHYSICAL DESCRIPTION
Page / Vol. No vol.1
650 ## - SUBJECT ADDED ENTRY--TOPICAL TERM
Topical term Accounting | Company accounts | Advanced accountancy
942 ## - ADDED ENTRY ELEMENTS (KOHA)
Koha item type Books
Holdings
Withdrawn status Lost status Source of classification Damaged status Not for loan Home library Current library Date acquired Total Checkouts Call number Accession number Date last seen Price effective from Koha item type Copy number
    Dewey Decimal Classification     SEACOM ENGINEERING COLLEGE SEACOM ENGINEERING COLLEGE 22/02/2007   657.046 M216 6054 15/07/2024 15/07/2024 Books  
    Dewey Decimal Classification     SEACOM ENGINEERING COLLEGE SEACOM ENGINEERING COLLEGE 22/02/2007   657.046 M216 6055 15/07/2024 15/07/2024 Books 1
    Dewey Decimal Classification     SEACOM ENGINEERING COLLEGE SEACOM ENGINEERING COLLEGE 22/02/2007   657.046 M216 6056 15/07/2024 15/07/2024 Books 2
    Dewey Decimal Classification     SEACOM ENGINEERING COLLEGE SEACOM ENGINEERING COLLEGE 22/02/2007   657.046 M216 6057 15/07/2024 15/07/2024 Books 3
© Seacom Engineering College, All rights reserved.      Powered by Koha